The danger of right reaction (Record no. 69132)

MARC details
000 -LEADER
fixed length control field 00775cam a22002531 4500
001 - CONTROL NUMBER
control field sa 66003840
003 - CONTROL NUMBER IDENTIFIER
control field DLC
005 - DATE AND TIME OF LATEST TRANSACTION
control field 20260227112239.0
008 - FIXED-LENGTH DATA ELEMENTS--GENERAL INFORMATION
fixed length control field 780922s1965 ii a 000 0 eng
010 ## - LIBRARY OF CONGRESS CONTROL NUMBER
LC control number sa 66003840
025 ## - OVERSEAS ACQUISITION NUMBER
Overseas acquisition number PL480 :I-E-5470
035 ## - SYSTEM CONTROL NUMBER
System control number (OCoLC)4244374
040 ## - CATALOGING SOURCE
Original cataloging agency DLC
Transcribing agency NcWsW
Modifying agency DLC
042 ## - AUTHENTICATION CODE
Authentication code premarc
050 00 - LIBRARY OF CONGRESS CALL NUMBER
Classification number DS480.84
Item number .M315
082 ## - DEWEY DECIMAL CLASSIFICATION NUMBER
Classification number 329.00954
100 1# - MAIN ENTRY--PERSONAL NAME
Personal name Malaviya, H. D.
Fuller form of name (Harsh Dev),
Dates associated with a name 1917-
245 14 - TITLE STATEMENT
Title The danger of right reaction
Statement of responsibility, etc. [by] H. D. Malaviya. Foreword: K. Kamaraj. Introd.: G. M. Sadiq.
250 ## - EDITION STATEMENT
Edition statement [1st ed.]
260 ## - PUBLICATION, DISTRIBUTION, ETC.
Place of publication, distribution, etc. New Delhi,
Name of publisher, distributor, etc. Socialist congressman
Date of publication, distribution, etc. [1965]
300 ## - PHYSICAL DESCRIPTION
Extent 402 p.
Other physical details illus.
Dimensions 22 cm.
651 #0 - SUBJECT ADDED ENTRY--GEOGRAPHIC NAME
Geographic name India
General subdivision Politics and government
Chronological subdivision 1947-
651 #0 - SUBJECT ADDED ENTRY--GEOGRAPHIC NAME
Geographic name India
General subdivision Economic conditions
Chronological subdivision 1945-

No items available.

Powered by Koha